Top 10 najmniejszych państw w Europie. - Statystyki

Ogólne statystyki
  • Ten quiz został rozwiązany 84 razy
  • Średni wynik to 9 z 10
Statystyki odpowiedzi
Miejsce Powierzchnia Państwo % Poprawnych
1. 0,49 km² Watykan
100%
4. 160 km² Liechtenstein
99%
2. 2,02 km² Monako
95%
3. 61 km² San Marino
93%
7. 2 586 km² Luksemburg
91%
6. 468 km² Andora
89%
8. 10 887 km² Kosowo
88%
9. 13 812 km² Czarnogóra
79%
5. 316 km² Malta
77%
10. 20 273 km² Słowenia
63%
Nie znaleziono quizów pasujących do podanych kryteriów
Rozkład punktacji
Procent ludzi z każdym wynikiem
Percentyl według liczby udzielonych odpowiedzi
Twoja historia wyników
Nie rozwiązałeś tego quizu